| 000 | 00000nam 22000008a 4500 |
| 001 | 9.838654 |
| 003 | CaOODSP |
| 005 | 20221107151430 |
| 007 | cr ||||||||||| |
| 008 | 170804s1968 onc o| f000 0 eng d |
| 040 | |aCaOODSP|beng |
| 043 | |an-cn-- |
| 086 | 1 |aR44-41/1968E-PDF |
| 100 | 1 |aO'Reilly, Robert R. |
| 245 | 10|aNorthern students attending post-secondary institutions in Canada, 1966-67 |h[electronic resource] : |ba preliminary study / |cRobert Richard O'Reilly. |
| 260 | |a[Ottawa] : |bEducation Division, Northern Administration Branch, Department of Indian Affairs and Northern Development, |c[1968] |
| 300 | |a[53] p. |
| 500 | |aDigitized edition from print [produced by Indigenous and Northern Affairs Canada]. |
| 504 | |aIncludes bibliographical references. |
| 520 | |a"The purpose of this study was to make a preliminary examination of the performance and attitudes of students from the Northwest Territoires who attended post-secondary institutions in souther Canada in 1966-67."--p. [1]. |
| 692 | 07|2gccst|aPostsecondary education |
| 692 | 07|2gccst|aInuit |
| 710 | 1 |aCanada. |bIndian and Northern Affairs Canada. |
| 856 | 40|qPDF|s4.55 MB|uhttps://publications.gc.ca/collections/collection_2017/aanc-inac/R44-41-1968-eng.pdf |
| 986 | |a25-4-68 |